000 00260nam a22001097a 4500
008 170111b xxu||||| |||| 00| 0 eng d
020 _a9781582556512
041 _aeng
080 _22nd
_a618.2
245 _aMATERNAL-NEONATAL NURSING
_cKLUWER, W
942 _2udc
_cBK
999 _c2680
_d2680